Państwa europejskie posiadające elektrownie atomowe - Statystyki

Ogólne statystyki
  • Ten quiz został rozwiązany 65 razy
    48 od ostatniego zresetowania
  • Średni wynik to 20 z 22
Statystyki odpowiedzi
Liczba Panstwo % Poprawnych
56-58 Francja
100%
7 Niemcy
100%
8 Szwecja
100%
15 Wielka Brytania
100%
1 Białoruś
97%
7 Hiszpania
97%
36 Rosja
97%
15 Ukraina
97%
5-7 Belgia
95%
W planach Polska
95%
6 Czechy
92%
4/5 Finlandia
92%
1 Holandia / Niderlandy
92%
2 Rumunia
89%
4 Słowacja
89%
4 Węgry
89%
działały Włochy
89%
W planach Litwa
87%
2 Bułgaria
84%
1 Słowenia
84%
5 Szwajcaria
82%
1(wspólnie z innym krajem, czyli posiada 50%0 Chorwacja
68%
Nie znaleziono quizów pasujących do podanych kryteriów
Rozkład punktacji
Procent ludzi z każdym wynikiem
Percentyl według liczby udzielonych odpowiedzi
Twoja historia wyników
Nie rozwiązałeś tego quizu od ostatniego zresetowania